000 010750000a22003010004500
001 50631
010 _a972-730-144-4
021 _aPT
_b147462/2000
100 _a20131226d2013 e y0pory5003 ba
101 0 _apor
102 _aPT
200 1 _aO dragão das mil flores
_eum livro sobre ser diferente
_ftrad. Cristina Soeiro
210 _aRio Tinto
_cMarus
_d2000
215 _a28, [3] p.
_cil.
_d31 cm
225 2 _aBiblioteca de valores
327 _a1ºv.: O susto da toupeira marota: um livro sobre a obediência. - 29, [2] p.
_a2ºv.: A mudança da gatinha egoísta: um livro sobre a partilha de brinquedos. - 32,[2] p.
_a3ºv.: Jova aprende a lição: um livro sobre a bondade para com os outros. - 29, [2] p.
_a4ºv.: Tomás no reino dos brinquedos: um livro sobre como cuidar dos nossos brinquedos. - 32, [2] p.
_a5ºv.: O dragão das mil flores: um livro sobre ser diferente/história e il. Nicoletta Costa. - 28, [3] p.
_a6ºv.: O dragão rabugento: um livro sobre a amizade. - 29, [2] p.
_a7ºv.: A aventura do elefante azul: um livro sobre a abertura de espirito. - 29, [2] p.
_a8ºv.: O segredo do crocodilo Nino: um livro sobre o reconhecimento dos nossos erros. - 29, [2] p.
_a9ºv.: À procura das estrelas luminosas: um livro sobre a força de vontade. - 29, [2] p.
_a10ºv.: Uma nova camada de folhas: um livro sobre a aceitação da nossa aparência. - 29, [2] p.
_a11ºv.: O segredo do nabo gigante: um livro sobre a generosidade e a ganância. - 29, [2] p.
_a12ºv.: A história da velhinha e das raposas: um livro sobre como ajudar os outros. - 32, [2] p.
_a13ºv.: A salvação da velha macieira: um livro sobre como cuidar do ambiente. - 29, [2] p.
_a14ºv.: O castigo das lanternas mágicas: um livro sobre a honestidade. - 29, [2] p.
_a15ºv.: Quem tirou os meus morangos: um livro sobre o prazer de partilhar. - 29, [2] p.
606 _92106
_aLiteratura infantojuivenil
_xConto
606 _9380
_aAuto-estima -- [Publicações infantis]
606 _93180
_aSociabilidade -- [Publicações infantis]
606 _9688
_aComportamento -- [Publicações infantis]
675 _a21.131.1-34
_vBN
_zpor
675 _a17.02
_vBN
_zpor
675 _a087.5-053.5
_vBN
_zpor
702 1 _943687
_4730
_aSoeiro
_bCristina
801 _aPT
_c20131226
859 _uhttp://4.bp.blogspot.com/-BofEKbeXdaM/T3DpASBudQI/AAAAAAAAFzU/nxGHN3scF4c/s1600/IMGP6023.JPG
_zcapa
090 _a50631
942 _cMON
_n0
999 _a50631